LEADER 00651nab a2200145 i 4500 001 000000265717 003 CaOOAMICUS 005 20070119000000.0 008 070119n xx uu u0 0und r 013 $a9003 040 $aSeMil$bita 245 10$aTempo ordinario :$bDomeniche 3.-7. - 32 p. ; 25 cm. - (Ascolto e Annuncio ; Anno C, 3). - Titolo dalla prima pagina. 500 $a7 gennaio 2007 - Supplemento. 773 0 $t[2007 : Gennaio-Giugno].$dBologna : Centro Editoriale Dehoniano, 2007.$w()157841 996 $6245$aTempo ordinario :$bDomeniche 3.-7. - 32 p. ; 25 cm. - (Ascolto e Annuncio ; Anno C, 3). - Titolo dalla prima pagina.$9(OLS)http://semarc/title/357544 LEADER 00513nab a2200145 i 4500 001 000000286131 003 CaOOAMICUS 005 20150407000000.0 008 150407n xx uu u0 0und r 013 $a39694 040 $aSeMil$bita 245 12$aL'Église aux périphéries. - 138 p. - Titolo principale dalla copertina. 500 $aAvril 2015. 773 0 $t[2015.$dMontrouge : Bayard, 2015.$w()238542 996 $6245$aL'Église aux périphéries. - 138 p. - Titolo principale dalla copertina.$9(OLS)http://semarc/title/366550